Free trade : Theory and practice from Adam Smith to Keynes

Gorde:
Xehetasun bibliografikoak
Egile nagusia: McCord, Noeman
Formatua: Liburua
Hizkuntza:Undetermined
Argitaratua: Newton Abbot David ang Charles 1970
Gaiak:
Etiketak: Etiketa erantsi
Etiketarik gabe, Izan zaitez lehena erregistro honi etiketa jartzen!
Thư viện lưu trữ: Trung tâm Học liệu Trường Đại học Cần Thơ
LEADER 00548nam a2200205Ia 4500
001 CTU_81420
008 210402s9999 xx 000 0 und d
082 |a 382 
082 |b M113 
100 |a McCord, Noeman 
245 0 |a Free trade : 
245 0 |b Theory and practice from Adam Smith to Keynes 
245 0 |c Noeman McCord 
260 |a Newton Abbot 
260 |b David ang Charles 
260 |c 1970 
650 |a Free trade 
650 |z Great Britain 
904 |i Trọng Hải 
980 |a Trung tâm Học liệu Trường Đại học Cần Thơ